000 00764nam a2200277 a 4500
005 20140310183520.0
008 110815s19uu xx 00 eng d
020 _a9780521177214
050 _aTX 911.3
_b.H745 2010
100 _aHolloway, Tracey
245 _aCambridge hospitality /
_cTracey Holloway.
250 _a2nd ed.
260 _aSingapore :
_bCambridge University Press,
_c2010.
300 _a253 p. :
_bcol. ill. ;
_c30 cm.
521 _aTOU
650 _aHospitality industry-MAnagement.
650 _aTourism- Management.
700 _aTracey Holloway
700 _aDi innes
700 _aKelly Evans
700 _aKatrina Walsh
700 _aMaria Diakanastasis
942 _cBK
_2lcc
_kFOR
999 _c24388
_d24388